000 01691cam a2200397 i 4500
001 11449955
003 USPCAS-E
005 20180118181417.0
006 m o d
007 cr cn|||||||||
008 140620t20142014enka ob 001 0 eng d
020 _z9781118634035
020 _a9781118755518 (ebook)
035 _a(CaPaEBR)ebr10880288
035 _a(NNC)11449955
040 _aCaPaEBR
_beng
_erda
_epn
_cCaPaEBR
050 1 4 _aTK7881.15
_b.P6725 2014eb
082 0 4 _a621.317
_223
_bPOW 2014
245 0 0 _aPower electronics for renewable energy systems, transportation and industrial applications /
_cedited by Haitham Abu-Rub, Mariusz Malinowski, Kamal Al-Haddad.
260 _aLondon:
_bWiley,
_c2014.
300 _a1 online resource (827 pages) :
_billustrations
502 _a.
504 _aIncludes bibliographical references at the end of each chapters and index.
590 _aElectronic reproduction. Palo Alto, Calif. : ebrary, 2015. Available via World Wide Web. Access may be limited to ebrary affiliated libraries.
650 0 _aPower electronics.
650 0 _aIndustries
_xPower supply.
655 0 _aElectronic books.
700 1 _aAbu-Rub, Haithem,
_eeditor.
700 1 _aMalinowski, Mariusz
_c(Electrical engineer),
_eeditor.
700 1 _aAl-Haddad, Kamal,
_eeditor.
776 0 8 _iPrint version:
_tPower electronics for renewable energy systems, transportation and industrial applications.
_dChichester, England : IEEE : Wiley, 2014
_hxxx, 795 pages
_z9781118634035
_w2014001834
797 2 _aebrary.
856 4 0 _uhttp://www.columbia.edu/cgi-bin/cul/resolve?clio11449955
_zClick here for full text.
942 _2ddc
_cBK
999 _c355885
_d355885